| 000 | 00506nam a2200193 4500 | ||
|---|---|---|---|
| 003 | SEACOMMC | ||
| 005 | 20231010101415.0 | ||
| 008 | 231010b |||||||| |||| 00| 0 eng d | ||
| 020 | _cRs. 250.00 | ||
| 040 | _aSEACOMMC | ||
| 082 |
_a333.714 _bDAS |
||
| 100 | 1 | _aDash, Madhab C. | |
| 245 | 1 |
_aFundamentals of Ecology _cMadhab C. Dash |
|
| 250 | _a2nd ed. | ||
| 260 |
_aNew Delhi _bTata McGraw-Hill _c2005 |
||
| 650 | _aEconomics | ||
| 650 | _aland, recreational and wilderness areas, energy | ||
| 942 | _cBOOK | ||
| 999 |
_c95 _d95 |
||